Countries with citizens that perished on 9/11 - Statistics

General Stats
  • This quiz has been taken 56 times
  • The average score is 41 of 63
Answer Stats
Deaths Country % Correct
24 Canada
100%
1 Russia
100%
2624 United States
100%
16 Mexico
98%
67 United Kingdom
96%
3 China
94%
24 Japan
94%
3 France
92%
11 Germany
92%
11 Australia
90%
41 India
90%
10 Italy
90%
1 Spain
90%
3 Brazil
88%
6 Ireland
84%
2 New Zealand
84%
1 Egypt
82%
5 Portugal
82%
15 Saudi Arabia
82%
17 Colombia
80%
1 Sweden
80%
4 Argentina
78%
6 Poland
78%
1 Netherlands
76%
28 South Korea
76%
1 Belgium
74%
2 South Africa
74%
8 Pakistan
72%
2 Switzerland
72%
3 Chile
70%
5 Israel
70%
1 Indonesia
68%
1 Venezuela
68%
1 Nigeria
66%
1 Ukraine
66%
5 Peru
64%
16 Jamaica
62%
2 Haiti
60%
47 Dominican Republic
58%
4 Lebanon
58%
6 Bangladesh
56%
3 Ecuador
56%
16 Philippines
56%
1 Taiwan
56%
2 United Arab Emirates
56%
3 Malaysia
54%
3 Romania
52%
1 Kenya
48%
1 Paraguay
48%
2 Democratic Republic of the Congo
42%
2 El Salvador
42%
2 Jordan
42%
3 Guyana
40%
1 Honduras
40%
14 Trinidad and Tobago
40%
1 Belarus
34%
2 Ethiopia
34%
2 Ghana
34%
1 Uzbekistan
34%
1 Lithuania
32%
1 Ivory Coast
28%
1 Moldova
22%
1 Serbia and Montenegro
4%
No matching quizzes found
Score Distribution
Percent of People with Each Score
Percentile by Number Answered
Your Score History
You have not taken this quiz